Guerra de malvinas - Estadísticas

Estadísticas generales
  • Esta prueba ha sido intentada 26 veces
  • La puntuación promedio es 3 de 15
Estadísticas de respuestas
Hint Respuesta % Correcto
Fecha de la operacion rosario 2 de abril
87%
Lider politico del reino unido Margaret thatcher
43%
armamento ligero principal del soldado argentino FAL
39%
Fecha de la batalla del puerto argentino 14 de junio
26%
En que fecha se dio el hundimiento del buque Gral. Belgrano 2 de mayo
22%
Jefe de la compañía de comandos 602 Aldo rico
22%
En que fecha fueron capturadas las islas georgias por los ingleses 25 de abril
17%
Quien fue nombrado gobernador militar de las islas Benjamin Menendez
17%
Nombre del presidente de facto de la república Argentina (1982) Leopoldo Fortunato Galtieri
17%
Nombre de la capital de las islas georgias Grytviken
13%
armamento pesado principal del soldado argentino MAG
13%
Nombre de la bahia donde se dio el desembarco ingles el 21 de mayo Bahia san carlos
9%
Quien fue el encargado del planeamiento del operativo rosario Mohammed Ali Seineldin
9%
Nombre de la batalla librada entre el 27 y el 28 de mayo batalla de pradera del ganso
4%
Regimiento del que esta a cargo Seineldin RI25
4%
No se encontraron pruebas coincidentes
Distribución de puntuación
Porcentaje de gente con cada puntuación
Porcentaje por número respondido
Historial de tus puntuaciones
No has intentado esta prueba.